Представление документа в формате RUSMARC

ПолеНазваниеЗначение
  Тип записи c
  Библиографический уровень m
001 Контрольный номер RU/УОНБ/EK_N/698240307
005 Дата корректировки 20240130235126.2
013 Номер (ISMN) __
d Цена 108 р.
100 Данные общей обработки __
a Данные общей обработки 20220215d2007 u y0rusy0189||||ca
101 Язык документа 0_
a Язык текста rus
a Язык текста nor
f Язык титульного листа rus
102 Страна публикации __
a Страна публикации RU
105 Кодированные данные (монография) __
a Кодированные данные (монография) y###||||000|y
125 Кодированные данные звукозаписи и нотных изданий __
a Форма изложения нотного текста с|
128 Кодированные данные (звукозаписи-физические характеристики) __
a Кодированные данные: Музыкальная форма и тональность или лад zz
c Инструменты или голоса, рекомендуемые для солистов (устаревшее) ka||
c Инструменты или голоса, рекомендуемые для солистов (устаревшее) sa||
c Инструменты или голоса, рекомендуемые для солистов (устаревшее) vu||
200 Заглавие и сведения об ответственности 1_
a Заглавие № 8
b Общее обозначение материала Ноты
e Сведения, относящиеся к заглавию произведения Эдварда Грига для фп., скрипки, голоса
210 Выходные данные 1_
d Дата издания 2007
215 Физическое описание __
a Объем 64 с.
300 Общие примечания __
a Общие примечания Текст на рус. и норв. яз.
327 Примечание о содержании 11
a Примечание о содержании Содерж. : Григ Э. Произведения для фортепиано : Мелодия ; Ариетта ; Листок из альбома ; Халлинг ; Этюд ; Утро ; Танец Анитры. - Произведения для фортепиано в четыре руки : Норвежские танцы №№ 2, 3. - Произведения для голоса и фортепиано : Сердце поэта / сл. Г. Х. Андерсена ; Лебедь / сл. Г. Ибсена. - Юноша ; Весна ; Раненый ; Виденье : из цикла "Мелодии" / стихи А. О. Винье. - Произведения для скрипки и фортепиано : Соната № 3 : 1 ч.
461 Уровень набора _0
1 001RU/УОНБ/EK_N/697912203
1 200
a Нотный альбом
b Ноты
v № 8
1 210
a М.
c Научтехлитиздат
d 2007 -
464 Аналитический уровень _0
1 2001
a Мелодия
e для фп.
1 700 1
a Григ
b Э.
464 Аналитический уровень _0
1 2001
a Норвежский танец № 2
e для фп. в четыре руки
1 700 1
a Григ
b Э.
464 Аналитический уровень _0
1 2001
a Сердце поэта
e Ты знаешь, как волны в просторе шумят...
e для голоса и фп.
1 700 1
a Григ
b Э.
1 702 1
a Андерсен
b Г. Х.
4 520
1 702 1
a Ефременков
b А.
4 730
464 Аналитический уровень _0
1 2001
a Юноша
e От дальних странствий, чуждых стран...
e из цикла "Мелодии"
e для голоса и фп.
1 700 1
a Григ
b Э.
1 702 1
a Винье
b А. О.
4 520
1 702 1
a Суханов
b П.
4 730
1 50010
a Мелодии
464 Аналитический уровень _0
1 2001
a Соната № 3
e 1 ч.
e для скрипки и фп.
1 700 1
a Григ
b Э.
464 Аналитический уровень _0
1 2001
a Ариетта
e для фп.
1 700 1
a Григ
b Э.
464 Аналитический уровень _0
1 2001
a Листок из альбома
e для фп.
1 700 1
a Григ
b Э.
464 Аналитический уровень _0
1 2001
a Халлинг
e норв. танец
e для фп.
1 700 1
a Григ
b Э.
464 Аналитический уровень _0
1 2001
a Этюд
a Памяти Шопена
e для фп.
1 700 1
a Григ
b Э.
464 Аналитический уровень _0
1 2001
a Утро
e из сюиты "Пер Гюнт"
e для фп.
1 700 1
a Григ
b Э.
1 50010
a Пер Гюнт
464 Аналитический уровень _0
1 2001
a Танец Анитры
e из сюиты "Пер Гюнт"
e для фп.
1 700 1
a Григ
b Э.
1 50010
a Пер Гюнт
464 Аналитический уровень _0
1 2001
a Норвежский танец № 3
e для фп. в четыре руки
1 700 1
a Григ
b Э.
464 Аналитический уровень _0
1 2001
a Лебедь
e Мой лебедь белый...
e для голоса и фп.
1 700 1
a Григ
b Э.
1 702 1
a Ибсен
b Г.
4 520
1 702 1
a Ефременков
b А.
4 730
464 Аналитический уровень _0
1 2001
a Весна
e К нам возвратилась снова весна...
e из цикла "Мелодии"
e для голоса и фп.
1 700 1
a Григ
b Э.
1 702 1
a Винье
b А. О.
4 520
1 702 1
a Слонов
b М.
4 730
1 50010
a Мелодии
464 Аналитический уровень _0
1 2001
a Раненый
e В борьбе и терзаньях я долго жил...
e из цикла "Мелодии"
e для голоса и фп.
1 700 1
a Григ
b Э.
1 702 1
a Винье
b А. О.
4 520
1 702 1
a Ефременков
b А.
4 730
1 50010
a Мелодии
464 Аналитический уровень _0
1 2001
a Виденье
e Светла, как весна, мне снилась она...
e из цикла "Мелодии"
e для голоса и фп.
1 700 1
a Григ
b Э.
1 702 1
a Винье
b А. О.
4 520
1 702 1
a Ефременков
b А.
4 730
1 50010
a Мелодии
512 Заглавие обложки 1_
a Заглавие обложки Нотный альбом
600 Персоналии _1
a Персоналии (Фамилия) Григ, Эдвард
606 Тематические рубрики 0_
a Основная рубрика Фортепианная музыка
x Основная подрубрика Произведения
606 Тематические рубрики 0_
a Основная рубрика Скрипичная музыка
x Основная подрубрика Произведения
606 Тематические рубрики 0_
a Основная рубрика Вокальные произведения
610 Ключевые слова 0_
a Ключевые слова произведения
610 Ключевые слова 0_
a Ключевые слова фортепиано
610 Ключевые слова 0_
a Ключевые слова скрипка
610 Ключевые слова 0_
a Ключевые слова вокальные произведения
610 Ключевые слова 0_
a Ключевые слова Григ Э.
686 Индексы других классификаций __
a Классификационный индекс 85.9я43
2 Код системы ББК
801 Источник записи _0
a Страна RU
b Организация Ульяновская ОНБ
c Дата составления 20220215
g Правила каталогизации RCR
801 Источник записи _1
a Страна RU
b Организация Ульяновская ОНБ
c Дата составления 20220215
g Правила каталогизации RCR
901 Тип документа __
t Тип документа n
w Контрольный № источника RU/УОНБ/EK_N/697912203
909 Создатель записи __
a Создатель записи Грязнова И. Е.
938 Служебная информация __
a Имя БД noti
b Имя библиотеки УОНБ
c Имя АИБС МАРК-SQL
d Номер DOC_ID в БД 25450